01455nam a2200265Ia 4500003000400000005001700004008004100021020001800062040002100080041000800101082002400109100003900133245011600172250002200288260004300310300006100353490003100414500008800445504003800533505025800571520026200829650002901091650004501120650002401165OSt20210108122818.0191128s2012 ck ad gr 000 0dspa d a9789587620658 aCO-JMCRcCO-JMCR0 aspa04a658.83 /bJ171g2231 aJaramillo Restrepo, Diego, eautor10aGerencia de la innovación : bhacia una sociedad creadora de soluciones útiles / cDiego Jaramillo Restrepo aPrimera edición aBogotá : bEdiciones de la U, c2012 a100 páginas : bgráficos a blanco y negro ; c21 cm.0 aGestión y emprendimiento aIncluye datos biográficos del autor en solapa posterior y notas a pie de página aBibliografía: páginas 99 -1000 aInnovación: conceptos -- Innovar. Hacia una empresa ambidextra -- Segmentación y realidades del mercado -- Redes virtuales e innovación abierta -- Caso: Corea del Sur, un referente obligado como sociedad innovadora -- Hacia una sociedad innovadora3 aEste texto plantea y argumenta la necesidad de que la empresa, para lograr competitividad, debe trabajar con dos estructuras diferentes y complementarias: 1. Aquella estructura que se responsabiliza por la correcta administración del presente y 2. Otra es14aInnovaciónxconceptos 14aSegmentación y realidades del mercado 14aSociedad innovadora